MARC

LEADER 00000nam0a2200000 4500
001 352836
005 20231102010533.0
035 |a (RuTPU)RU\TPU\retro\9654 
035 |a RU\TPU\retro\9653 
090 |a 352836 
100 |a 20200207d1955 k y0rusy50 ca 
101 0 |a rus 
102 |a RU 
105 |a a z 001zy 
200 1 |a О некоторых терминах в литературе по проветриванию шахт  |e [оттиск статьи]  |f Б. М. Титов 
210 |a Томск  |d 1955 
215 |a С. 53-57  |c ил. 
225 1 |a Известия Томского Политехнического Института  |v Т. 78 
316 |5 63413507: ШкА/6116  |a На обложке дарственная надпись: "В библиотеку ТПИ от автора. 20/V-1956 г. Титов" 
320 |a Библиогр.: с. 57 
606 1 |a Шахты  |x Проветривание  |2 stltpush  |3 (RuTPU)RU\TPU\subj\19101  |9 44411 
610 1 |a коллекция ТПУ 
610 1 |a оттиски 
610 1 |a дарственные надписи 
610 1 |a дары автора 
610 1 |a дары библиотеке 
610 1 |a техническая эксплуатация 
610 1 |a терминология 
610 1 |a горное дело 
610 1 |a научная литература 
675 |a 622.45  |v 4 
700 1 |a Титов  |b Б. М. 
801 1 |a RU  |b 63413507  |c 20200206 
801 2 |a RU  |b 63413507  |c 20200207  |g RCR 
942 |c BK